Simple Words A-Z - Statistics

General Stats
  • This quiz has been taken 124 times
  • The average score is 25 of 26
Answer Stats
Hint Answer % Correct
C Vehicle Car
100%
A A kind of fruit Apple
99%
D A lovely pet Dog
98%
G Color Green
98%
H Something this is worn on the head Hat
98%
I Frozen water Ice
98%
O Reddish yellow Orange
98%
Q Female ruler Queen
98%
R Water falling from the sky Rain
98%
U Used as protection against rain Umbrella
98%
E Oval or round object laid by a female animals Egg
97%
J Liquid obtained from fruit Juice
97%
K It is used with the lock Key
97%
M Your cousin's aunt and your father's wife Mother
97%
N Link your head to shoulders Neck
97%
P Produce porks Pig
97%
X Scan the body X-ray
97%
B Young male Boy
96%
S Your daughter's brother Son
96%
W Show the time Watch
95%
Z Black-and-white striped horse Zebra
95%
V Vehicle for transporting goods Van
92%
T A kind of furniture Table
91%
L It is used to walk Leg
89%
F A kind of animal makes the sound 'Ribbit' Frog
88%
Y A kind of toy Yoyo
85%
No matching quizzes found
Score Distribution
Percent of People with Each Score
Percentile by Number Answered
Your Score History
You have not taken this quiz